000
00335nam a2200145Ia 4500
003
OSt
005
20240127101451.0
008
170523s9999 xx 000 0 und d
020
_a
9780470530672
040
_c
iimt university meerut
100
_a
POWELL- JD
245
0
_a
MANAGEMENT
260
_b
DELHI TATA MC GRAW HILL
942
_2
ddc
_c
02
999
_c
96
_d
96